000 00668nam a2200253 a 4500
001 13476
003 BD-JhCC
005 20231009114814.0
008 231009b2018 cc a|||| ||a| 000 0 eng d
020 _a9781786175205
035 _a(BD-JhCC)13476
040 _aBD-JhCC
_dBD-JhCC
041 _aEnglish
082 _a909
_bFIO 2018
100 _aMacdonald, Fiona
245 _aWild About History /
_cFiona Macdonald, John Malam, Jone Walker.
260 _aChina:
_bMiles Kelly;
_c2018.
300 _a160 p. :
_bill;
_c26 cm.
650 _aHistory, Ancient
_zWorld history
700 _aMalam, John
700 _aWalker,Jone
942 _2ddc
_cBK
999 _c13476
_d13476